Письма к Вере (Запись № 10928468)

Подробности
000 -МАРКЕР
контрольное поле 01971nam0a2200397 4500
001 - ИДЕНТИФИКАТОР ЗАПИСИ
контрольное поле RU\NLR\BIBL_A\011609511
005 - ИДЕНТИФИКАТОР ВЕРСИИ
контрольное поле 20221129110150.0
010 ## - МЕЖДУНАРОДНЫЙ СТАНДАРТНЫЙ НОМЕР КНИГИ (ISBN)
Номер (ISBN) 978-5-389-11619-1
Тираж 3000
021 ## - НОМЕР ГОСУДАРСТВЕННОЙ РЕГИСТРАЦИИ
Код страны Российская Федерация
Номер 2017-101168
Номер Листа государственной регистраци 7294
035 ## - ДРУГИЕ СИСТЕМНЫЕ НОМЕРА
Идентификатор записи (NLR Aleph) 011609511
035 ## - ДРУГИЕ СИСТЕМНЫЕ НОМЕРА
Идентификатор записи (RuMoRGB)009504381
100 ## - ДАННЫЕ ОБЩЕЙ ОБРАБОТКИ
Данные общей обработки 20180129d2017 k y0rusy50 ca
101 0# - ЯЗЫК РЕСУРСА
Язык текста, звукозаписи и т.д. русский
Язык оригинала не определено
102 ## - СТРАНА ПУБЛИКАЦИИ ИЛИ ПРОИЗВОДСТВА
Страна публикации Российская Федерация
105 ## - ПОЛЕ КОДИРОВАННЫХ ДАННЫХ: ТЕКСТОВЫЕ МАТЕРИАЛЫ, МОНОГРАФИЧЕСКИЕ
Кодированные данные о монографическом текстовом документе achzzz||||1zd
200 1# - ЗАГЛАВИЕ И СВЕДЕНИЯ ОБ ОТВЕТСТВЕННОСТИ
Основное заглавие Письма к Вере
Первые сведения об ответственности Владимир Набоков
Последующие сведения об ответственности комментарии Ольги Ворониной и Брайана Бойда
-- вступительная статья Брайана Бойда
-- перевод статьи и комментариев Александры Глебовской
210 ## - ПУБЛИКАЦИЯ, РАСПРОСТРАНЕНИЕ И ДР.
Место издания, распространения и т.д. Москва
Имя издателя, распространителя и т. д. КоЛибри
Дата издания, распространения и т.д. 2017
215 ## - ФИЗИЧЕСКАЯ ХАРАКТЕРИСТИКА
Специфическое обозначение материала и объем 700, [1] с., [4] л. ил., портр.
Другие сведения о физической характеристике ил., факс.
Размеры 22
225 1# - СЕРИЯ
Основное заглавие серии Биографии, автобиографии, мемуары
300 ## - ОБЩИЕ ПРИМЕЧАНИЯ
Текст примечания Содержит нецензурную брань
320 ## - ПРИМЕЧАНИЯ О НАЛИЧИИ В ДОКУМЕНТЕ БИБЛИОГРАФИИ / УКАЗАТЕЛЯ
Текст примечания Указ. имен: с. 679-699
320 ## - ПРИМЕЧАНИЯ О НАЛИЧИИ В ДОКУМЕНТЕ БИБЛИОГРАФИИ / УКАЗАТЕЛЯ
Текст примечания Указатель произведений В. Набокова: с. 700-701
333 ## - ПРИМЕЧАНИЯ ОБ ОСОБЕННОСТЯХ РАСПРОСТРАНЕНИЯ И ИСПОЛЬЗОВАНИЯ
Текст примечания 18+
600 #1 - ИМЯ ЛИЦА КАК ПРЕДМЕТ
Начальный элемент ввода Набоков
Часть имени, кроме начального элемента ввода В. В.
Даты 1899 - 1977
Расширение инициалов личного имени Владимир Владимирович
Формальный подзаголовок Переписка
Системный номер авторитетной/нормативной записи 1074982
Идентификатор авторитетной/нормативной записи RU\NLR\AUTH\66100657
686 ## - ИНДЕКСЫ ДРУГИХ КЛАССИФИКАЦИЙ
Индекс Ш5(7США)62-4Набоков В.В.13,0
Код системы
686 ## - ИНДЕКСЫ ДРУГИХ КЛАССИФИКАЦИЙ
Индекс Ш5(7США)62-4Набоков В.В.21,0
Код системы
686 1# - ИНДЕКСЫ ДРУГИХ КЛАССИФИКАЦИЙ
Индекс Ш5(7США)6-4Набоков13
700 #1 - ИМЯ ЛИЦА - ПЕРВИЧНАЯ ОТВЕТСТВЕННОСТЬ
Графика поля Кириллица
Материалы, к которым относится поле rus
Начальный элемент ввода Набоков
Часть имени, кроме начального элемента ввода В. В.
Даты 1899-1977
Расширение инициалов личного имени Владимир Владимирович
Системный номер авторитетной/нормативной записи 110457
Идентификатор авторитетной/нормативной записи RU\NLR\AUTH\77403
702 #1 - ИМЯ ЛИЦА - ВТОРИЧНАЯ ОТВЕТСТВЕННОСТЬ
Код отношения Прочие
Графика поля Кириллица
Материалы, к которым относится поле rus
Начальный элемент ввода Набокова
Часть имени, кроме начального элемента ввода В. Е.
Даты 1902-1991
Расширение инициалов личного имени Вера Евсеевна
Системный номер авторитетной/нормативной записи 2709222
Идентификатор авторитетной/нормативной записи RU\NLR\AUTH\770293662
702 #1 - ИМЯ ЛИЦА - ВТОРИЧНАЯ ОТВЕТСТВЕННОСТЬ
Начальный элемент ввода Глебовская
Часть имени, кроме начального элемента ввода А.
Расширение инициалов личного имени Александра
Код отношения Переводчик
942 ## - ДОПОЛНИТЕЛЬНЫЕ ЭЛЕМЕНТЫ ЗАПИСИ (АБИС)
Тип экземпляра АБИС Книга
980 ## - КОЛЛЕКЦИЯ
Название коллекции НБР
980 ## - КОЛЛЕКЦИЯ
Название коллекции Национальная библиография

Нет доступных экземпляров.